Michael Cera Movies by Plot Description - Statistics

General Stats
  • This quiz has been taken 16 times
  • The average score is 7 of 16
Answer Stats
Year Description Movie % Correct
2007 High school booze-soaked party goes awry Superbad
94%
2007 Offbeat young woman deals with an unplanned pregnancy Juno
88%
2010 Young man must defeat his new girlfriend's seven evil exes Scott Pilgrim vs. the World
69%
2016 Grocery products' quest to discover the truth about their existence Sausage Party
63%
2017 Blocky superhero adopts an orphan while crimefighting in Gotham The Lego Batman Movie
63%
2013 Celebrities face the apocalypse at James Franco’s house This Is the End
63%
2023 Dolls discover the joys and perils of living among regular humans Barbie
50%
2008 Two teenagers spend the night together in search of a secret concert Nick and Norah’s Infinite Playlist
44%
2023 Man must navigate stardom after appearing in strangers' dreams Dream Scenario
31%
2025 Businessman & nun are chased by tycoons, terrorists and assassins The Phoenician Scheme
31%
2025 Man enters deadly competition to save his sick daughter The Running Man
31%
2009 Lazy hunter-gatherers' epic journey through the ancient world Year One
31%
2024 Two former best friends embark on a spontaneous California road trip Sacramento
25%
2009 Teenager moves to a trailer park and falls for a taken girl Youth in Revolt
25%
2017 Skier establishes a high-stakes, international poker game. Molly's Game
13%
2013 American in Chile tries a hallucinogen with an eccentric woman Crystal Fairy y el cactus mágico
6%
No matching quizzes found
Score Distribution
Percent of People with Each Score
Percentile by Number Answered
Your Score History
You have not taken this quiz